Name The Lacuna Coil Songs - Statistics

General Stats
  • This quiz has been taken 7 times
  • The average score is 17 of 120
Answer Stats
Answers % Correct
Our Truth
80%
Circle
60%
Comalies
60%
Delirium
60%
Swamped
60%
Tight Rope
60%
Blood, Tears, Dust
40%
Enjoy the Silence
40%
Layers of Time
40%
Losing My Religion
40%
No Need To Explain
40%
Reverie
40%
Spellbound
40%
Sword of Anger
40%
The House of Shame
40%
Trip the darkness
40%
Within Me
40%
1:19
20%
Aeon
20%
Black Anima
20%
Breakdown
20%
Broken Things
20%
Claustrophobia
20%
Daylight Dance
20%
Die & Rise
20%
Downfall
20%
End of Time
20%
Falling
20%
Falling Again
20%
Fire
20%
Halflife
20%
Heaven's Lie
20%
Honeymoon Suite
20%
Humane
20%
I'm Not Afraid
20%
Intoxicated
20%
In Visible Light
20%
I Won't Tell You
20%
Live to Tell
20%
My Demons
20%
My Spirit
20%
My Wings
20%
Nothing Stands in Our Way
20%
One Cold Day
20%
Reckless
20%
Save Me
20%
Senzafine
20%
Stars
20%
Take Me Home
20%
The Army Inside
20%
The Ghost Woman And The Hunter
20%
This Is My Dream
20%
To Live Is To Hide
20%
Unspoken
20%
Veins of Glass
20%
Veneficium
20%
What I See
20%
When A Dead Man Walks
20%
Without Fear
20%
You Love Me 'Cause I Hate You
20%
A Current Obsession
0%
Against You
0%
Angels Punishment
0%
Anima Nera
0%
Apocalypse
0%
Black Dried Up Heart
0%
Black Feathers
0%
Bleed the Pain
0%
Closer
0%
Cold
0%
Cold Heritage
0%
Cybersleep
0%
Devoted
0%
Distant Sun
0%
Entwined
0%
Fragile
0%
Fragments of Faith
0%
Ghost in the Mist
0%
Give Me Something More
0%
Heir Of A Dying Day
0%
Hostage to the Light
0%
Hyperfast
0%
I Burn in you
0%
I Don't Believe In Tomorrow
0%
I Forgive (But I Won't Forget Your Name)
0%
I Like It
0%
Infection
0%
In the End I Feel Alive
0%
Kill The Light
0%
Lost Lullaby
0%
Not Enough
0%
Now or Never
0%
Purify
0%
Self Deception
0%
Shallow life
0%
Soul into Hades
0%
Stanley Lover
0%
Survive
0%
The End Is All I Can See
0%
The Game
0%
The Maze
0%
The Pain
0%
The Prophet Said
0%
The Secret
0%
Through the Flames
0%
To Myself I Turned
0%
To the Edge
0%
Trance Awake
0%
Ultima Ratio
0%
Unchained
0%
Underdog
0%
Under the Surface
0%
Un Fantasma Tra Noi (A Ghost Between Us)
0%
Upsidedown
0%
Victims
0%
Wave Of Anguish
0%
Wide Awake
0%
You Create
0%
Zombies
0%
No matching quizzes found
Score Distribution
Percent of People with Each Score
Percentile by Number Answered
Your Score History
You have not taken this quiz